Understanding Jainism / (Record no. 140635)
[ view plain ]
| 000 -LEADER | |
|---|---|
| fixed length control field | 00620nam a22002057a 4500 |
| 005 - DATE AND TIME OF LATEST TRANSACTION | |
| control field | 20170605151315.0 |
| 010 ## - LCCN (DPL NO) | |
| LC control number | ENG-118486 |
| 020 ## - INTERNATIONAL STANDARD BOOK NUMBER | |
| International Standard Book Number | 9788188769988 |
| Terms of availability | 250.00 |
| 035 ## - SYSTEM CONTROL NUMBER | |
| System control number | EN-102018 |
| 037 ## - SOURCE OF ACQUISITION | |
| Source of stock number/acquisition | DBAD/PUB |
| 082 ## - DEWEY DECIMAL CLASSIFICATION NUMBER | |
| Classification number | 240 |
| 100 ## - MAIN ENTRY--PERSONAL NAME | |
| Personal name | Babb,Lawrence A. |
| 245 ## - TITLE STATEMENT | |
| Title | Understanding Jainism / |
| Statement of responsibility, etc | by Lawrence A. Babb |
| 260 ## - PUBLICATION, DISTRIBUTION, ETC. (IMPRINT) | |
| Place of publication, distribution, etc | Mumbai |
| Name of publisher, distributor, etc | Hindi Granth Karyalay |
| Date of publication, distribution, etc | 2016 |
| 270 ## - ADDRESS | |
| Address | 9 Hirabaug CP Tank Mumbai-400004 India |
| 300 ## - PHYSICAL DESCRIPTION | |
| Extent | xi,182p |
| Dimensions | 22cm.(Hb) |
| 490 ## - SERIES STATEMENT | |
| Series statement | Pandit Nathuram Premi Research Series; V 27 |
| 505 ## - FORMATTED CONTENTS NOTE | |
| Formatted contents note | Includes references and index |
| 942 ## - ADDED ENTRY ELEMENTS (KOHA) | |
| Source of classification or shelving scheme | Dewey Decimal Classification |
| Item type | English Books |
| Classification part | 240 |
| Call number suffix | BAB |
| Withdrawn status | Lost status | Not for loan | Collection code | Home library | Current library | Date acquired | Source of acquisition | Cost, normal purchase price | Full call number | Barcode | Copy number | Cost, replacement price | Koha item type |
|---|---|---|---|---|---|---|---|---|---|---|---|---|---|
| Not For Loan | Non-fiction | D.B.Act.Division | Bawana | 31/05/2017 | DBAD/PUB. | 250.00 | 240 BAB | EN-102018 | 1 | 250.00 | English Books |
